[Event "4NCL/Div4/PAP vs. CHED"]
[Site "West Bromwich ENG"]
[Date "2005.12.04"]
[Round "4.6"]
[White "Edwards, Simon R"]
[Black "Kieran, Rosalind A"]
[Result "1/2-1/2"]
[WhiteElo "1975"]
[BlackElo "2015"]
[PlyCount "131"]
[EventDate "2005.12.04"]
[SourceDate "2005.10.25"]

1. d4 d5 2. Nf3 Bf5 3. Bf4 Nf6 4. e3 e6 5. Nbd2 Be7 6. c4 c6 7. Qb3 Qb6 8. c5
Qxb3 9. axb3 Nbd7 10. Be2 h6 11. O-O O-O 12. Ne5 Nxe5 13. Bxe5 Nd7 14. Bg3 e5
15. b4 exd4 16. exd4 Bf6 17. Nf3 Rfe8 18. Rfe1 Re4 19. Bf1 a6 20. Rxe4 dxe4 21.
Ne5 Bxe5 22. dxe5 Re8 23. Re1 Nxe5 24. f3 Nd7 25. Bd3 Nf6 26. fxe4 Bxe4 27. Bc4
Bd5 28. Rxe8+ Nxe8 29. Bd3 Be6 30. Be5 f6 31. Bg3 Kf7 32. Kf2 f5 33. Ke3 g6 34.
Kd4 Bd5 35. Bf4 g5 36. Bd2 Ke6 37. h4 f4 38. hxg5 hxg5 39. Be2 Bxg2 40. Bg4+
Kf6 41. Bc8 Nc7 42. Bxb7 Nb5+ 43. Kd3 Bf1+ 44. Ke4 Bg2+ 45. Kd3 Nc7 46. Bc3+
Ke6 47. Bc8+ Ke7 48. Ke2 Bd5 49. Be5 Bc4+ 50. Kf3 Nd5 51. Kg4 Nxb4 52. Kxg5 f3
53. Bd4 Nd3 54. Bf5 Nxb2 55. Bf6+ Kf7 56. Bxb2 f2 57. Bh3 f1=Q 58. Bxf1 Bxf1
59. Kf5 Ke7 60. Ke5 a5 61. Bc1 Kd7 62. Kd4 Kc7 63. Kc3 Kb7 64. Kb3 Ka6 65. Ka3
Kb5 66. Be3 1/2-1/2

[Event "4NCL/Div4/SUFFP vs. CONQ"]
[Site "West Bromwich ENG"]
[Date "2005.12.04"]
[Round "4.1"]
[White "Munson, Shaun D"]
[Black "Osborne, Marcus E"]
[Result "0-1"]
[WhiteElo "2225"]
[BlackElo "2230"]
[PlyCount "80"]
[EventDate "2005.12.04"]
[SourceDate "2005.10.25"]

1. d4 Nf6 2. Bg5 e6 3. e3 c5 4. c3 Qb6 5. b3 Ne4 6. Bf4 cxd4 7. exd4 d5 8. Bd3
Bd6 9. Bxd6 Nxd6 10. Nf3 Bd7 11. Qe2 Nc6 12. O-O O-O 13. Nbd2 Ne7 14. Ne5 Rfd8
15. Ndf3 Ng6 16. Ng5 Nf8 17. f4 Bb5 18. c4 Qxd4+ 19. Kh1 dxc4 20. bxc4 Be8 21.
Rad1 Qc5 22. Rf3 h6 23. Rh3 f6 24. Nef3 fxg5 25. fxg5 hxg5 26. Ne5 Nf5 27. Rf1
Rd4 28. Bxf5 exf5 29. Rxf5 g4 30. Ng6 Bxg6 31. Rh8+ Kxh8 32. Rxc5 Re8 33. Qf1
Rf4 34. Qd1 Rfe4 35. Qg1 Re1 36. Rc7 Rxg1+ 37. Kxg1 Be4 38. Rf7 Bc6 39. Kf2 Kg8
40. Rf4 Re4 0-1

[Event "4NCL/Div4/SUFFP vs. CONQ"]
[Site "West Bromwich ENG"]
[Date "2005.12.04"]
[Round "4.2"]
[White "Prizant, Michael"]
[Black "Gray, Mark S"]
[Result "1/2-1/2"]
[WhiteElo "2135"]
[BlackElo "2105"]
[PlyCount "43"]
[EventDate "2005.12.04"]
[SourceDate "2005.10.25"]

1. e4 e5 2. Nf3 Nc6 3. d4 exd4 4. Nxd4 Bb4+ 5. c3 Be7 6. Bc4 Ne5 7. Be2 d6 8.
f4 Ng6 9. O-O Nf6 10. Bf3 O-O 11. Be3 Nh4 12. Nd2 Nxf3+ 13. Qxf3 Ng4 14. Rae1
Nxe3 15. Rxe3 Bd7 16. Rfe1 Qc8 17. Kh1 Bh4 18. Rc1 Re8 19. h3 b5 20. Qh5 Bf2
21. Re2 Bxd4 22. cxd4 1/2-1/2

[Event "4NCL/Div4/SUFFP vs. CONQ"]
[Site "West Bromwich ENG"]
[Date "2005.12.04"]
[Round "4.3"]
[White "Wallis, Ian"]
[Black "Jackson, Paul G"]
[Result "1-0"]
[WhiteElo "2100"]
[BlackElo "1995"]
[PlyCount "73"]
[EventDate "2005.12.04"]
[SourceDate "2005.10.25"]

1. e4 e6 2. d4 d5 3. e5 c5 4. c3 Nc6 5. Nf3 Qb6 6. Be2 cxd4 7. cxd4 Nh6 8. Nc3
Nf5 9. Na4 Bb4+ 10. Bd2 Qa5 11. Bc3 b5 12. a3 Bxc3+ 13. Nxc3 b4 14. axb4 Qxb4
15. Bb5 Bd7 16. Bxc6 Bxc6 17. Qd2 O-O 18. O-O Rfb8 19. Rab1 Rb7 20. Rfc1 Rab8
21. g4 Ne7 22. Qe3 Qa5 23. Ra1 Qd8 24. Nd1 Qd7 25. Ne1 Ba4 26. Nd3 Rc7 27. Rxc7
Qxc7 28. Rxa4 Qc2 29. Ra1 Nc8 30. Rc1 Qa4 31. Nc5 Qb5 32. b3 h6 33. Nc3 Qa5 34.
Ne2 Qa2 35. Ng3 a5 36. Qc3 Nb6 37. Ra1 1-0

[Event "4NCL/Div4/SUFFP vs. CONQ"]
[Site "West Bromwich ENG"]
[Date "2005.12.04"]
[Round "4.4"]
[White "Foster, James C"]
[Black "Ruthen, Steven"]
[Result "0-1"]
[WhiteElo "1950"]
[BlackElo "2075"]
[PlyCount "68"]
[EventDate "2005.12.04"]
[SourceDate "2005.10.25"]

1. e4 e5 2. Nf3 Nc6 3. Bb5 Nd4 4. Nxd4 exd4 5. a4 Bc5 6. c3 a5 7. e5 c6 8. Bc4
d5 9. Bd3 Qg5 10. O-O Bg4 11. Be2 Bh3 12. Bf3 d3 13. b4 Ba7 14. b5 Ne7 15. Ba3
Be6 16. Bxe7 Qxe7 17. g3 O-O 18. Bg2 f6 19. Qf3 fxe5 20. Qxd3 e4 21. Qe2 Qf6
22. Na3 Qg6 23. Nc2 Bg4 24. Qe1 Bf3 25. Rb1 Bc5 26. Ne3 Rae8 27. h3 h5 28. Rb2
h4 29. g4 Qg5 30. Bxf3 Rxf3 31. Kg2 Ref8 32. bxc6 bxc6 33. Rh1 Qf4 34. Ra2
Rxf2+ 0-1

[Event "4NCL/Div4/SUFFP vs. CONQ"]
[Site "West Bromwich ENG"]
[Date "2005.12.04"]
[Round "4.5"]
[White "Lunn, Timothy"]
[Black "Cork, David J"]
[Result "1-0"]
[WhiteElo "2070"]
[BlackElo "1955"]
[PlyCount "91"]
[EventDate "2005.12.04"]
[SourceDate "2005.10.25"]

1. d4 Nf6 2. c4 d6 3. Nc3 g6 4. e4 Bg7 5. Nf3 O-O 6. Be2 e5 7. d5 Ne8 8. O-O f5
9. b4 Nd7 10. Ng5 Ndf6 11. c5 h6 12. Ne6 Bxe6 13. dxe6 fxe4 14. Bc4 Qe7 15. Be3
Rd8 16. Qb3 Kh7 17. Rad1 Ng4 18. Nxe4 Nxe3 19. Qxe3 Nf6 20. cxd6 cxd6 21. Nxf6+
Bxf6 22. Qxa7 Rc8 23. Bd5 Ra8 24. Qxb7 Qxb7 25. Bxb7 Rxa2 26. Rxd6 Rb2 27. Rd7+
Kh8 28. Be4 Rxb4 29. Bxg6 Rg4 30. Bh5 Rg7 31. Rfd1 Be7 32. Bf7 Bf6 33. h3 Bg5
34. Rb1 e4 35. Re1 Rb8 36. Kh1 Rb2 37. Rxe4 Rxf2 38. Rd1 Be7 39. Rg4 Bg5 40.
Kg1 Rf5 41. Re4 Be7 42. Rc4 Bc5+ 43. Rxc5 Rxc5 44. e7 Re5 45. e8=Q+ Rxe8 46.
Bxe8 1-0

[Event "4NCL/Div4/SUFFP vs. CONQ"]
[Site "West Bromwich ENG"]
[Date "2005.12.04"]
[Round "4.6"]
[White "Auckland, Elliot"]
[Black "Clapham, Michael"]
[Result "1-0"]
[WhiteElo "1670"]
[BlackElo "2005"]
[PlyCount "51"]
[EventDate "2005.12.04"]
[SourceDate "2005.10.25"]

1. e4 d5 2. exd5 Nf6 3. c4 e6 4. d4 exd5 5. Nc3 Nc6 6. Bg5 Be7 7. Bxf6 Bxf6 8.
Qe2+ Be6 9. cxd5 Nxd4 10. Qe4 O-O 11. dxe6 Re8 12. Bc4 Nxe6 13. Kf1 Nd4 14. Qd5
Qe7 15. Bb3 c6 16. Qa5 Rad8 17. Qh5 b5 18. Rb1 b4 19. Nce2 Nxb3 20. axb3 Qe4
21. Re1 Bxb2 22. Qf3 Qc2 23. g3 Rd3 24. Qf5 Qd2 25. Nf3 Qc2 26. Ng5 1-0

[Event "4NCL/Div4/MET vs. MONM"]
[Site "West Bromwich ENG"]
[Date "2005.12.04"]
[Round "4.1"]
[White "Calvert, D Ian"]
[Black "Varley, Peter"]
[Result "0-1"]
[WhiteElo "2075"]
[BlackElo "2172"]
[PlyCount "82"]
[EventDate "2005.12.04"]
[SourceDate "2005.10.25"]

1. b3 e5 2. Bb2 Nc6 3. e3 d6 4. Nf3 f5 5. d4 e4 6. d5 exf3 7. dxc6 fxg2 8. Bxg2
b6 9. Nc3 Nf6 10. Nd5 Be7 11. Nxf6+ Bxf6 12. Bxf6 Qxf6 13. Qd4 O-O 14. O-O-O
Be6 15. Rhg1 a5 16. a4 Rae8 17. Kb2 f4 18. e4 Qxd4+ 19. Rxd4 Bf7 20. c3 Re5 21.
Bf1 Bh5 22. Bc4+ Kh8 23. Rd5 Rfe8 24. Rg5 Rxg5 25. Rxg5 g6 26. b4 Rxe4 27. Bd3
Re5 28. Rxe5 dxe5 29. bxa5 bxa5 30. Be4 Bd1 31. c4 Bxa4 32. Bf3 Kg7 33. Ka3 Bc2
34. Kb2 Bd3 35. Kc3 Bf1 36. Bd5 g5 37. Kb3 h5 38. Ka4 Kf6 39. Kxa5 g4 40. Ka6
Ke7 41. Kb7 Kd8 0-1

[Event "4NCL/Div4/MET vs. MONM"]
[Site "West Bromwich ENG"]
[Date "2005.12.04"]
[Round "4.2"]
[White "Turner, J D."]
[Black "Fegan, Chris"]
[Result "0-1"]
[WhiteElo "2043"]
[BlackElo "2115"]
[PlyCount "80"]
[EventDate "2005.12.04"]
[SourceDate "2005.10.25"]

1. e4 d6 2. d4 Nf6 3. Bd3 e5 4. d5 g6 5. f3 Bg7 6. c4 O-O 7. Bg5 Nbd7 8. Nc3 c6
9. Nge2 Qb6 10. Qd2 Nc5 11. Bc2 a5 12. g4 cxd5 13. Bxf6 Bxf6 14. g5 Bg7 15.
Nxd5 Qxb2 16. O-O Bh3 17. Rfb1 Qa3 18. Nec3 Rab8 19. Qf2 Ne6 20. Nb5 Qc5 21.
Qxc5 dxc5 22. Nd6 Nxg5 23. Bd1 f5 24. Rxb7 Rxb7 25. Nxb7 fxe4 26. Nxc5 exf3 27.
Kf2 e4 28. Nb3 a4 29. Rb1 axb3 30. Bxb3 Bd4+ 31. Ne3 Bxe3+ 32. Kxe3 f2 33. c5+
Kg7 34. Bc4 f1=Q 35. Bxf1 Rxf1 36. Rb7+ Rf7 37. c6 Bc8 38. Rxf7+ Kxf7 39. h4
Nf3 40. Kxe4 Nxh4 0-1

[Event "4NCL/Div4/MET vs. MONM"]
[Site "West Bromwich ENG"]
[Date "2005.12.04"]
[Round "4.3"]
[White "Fogarasi, Norbert"]
[Black "Beveridge, Nigel K"]
[Result "1-0"]
[WhiteElo "2120"]
[BlackElo "2050"]
[PlyCount "101"]
[EventDate "2005.12.04"]
[SourceDate "2005.10.25"]

1. e4 Nc6 2. Nc3 e6 3. d4 Bb4 4. Nf3 Nf6 5. Bd3 d6 6. O-O e5 7. dxe5 Bxc3 8.
bxc3 Nxe5 9. Nxe5 dxe5 10. Ba3 Nd7 11. Bc4 Qf6 12. Qd2 Nb6 13. Bb3 g5 14. Rad1
Bd7 15. c4 O-O-O 16. Qa5 Kb8 17. c5 Nc8 18. Bd5 c6 19. Bc4 Be6 20. Bd3 Qe7 21.
Rb1 Qc7 22. Qa4 Rd4 23. Rb4 Rhd8 24. Rfb1 Rxb4 25. Bxb4 Rd4 26. Qa3 f6 27. Bc3
Rd7 28. Ba5 b6 29. cxb6 axb6 30. Bxb6 Nxb6 31. Qa6 Qa7 32. Rxb6+ Rb7 33. Rxb7+
Qxb7 34. Qxb7+ Kxb7 35. a3 Kb6 36. Kf1 Ka5 37. Ke1 Ka4 38. Kd2 Kxa3 39. Kc3 Ka4
40. Bc4 Bc8 41. Bg8 h6 42. Kc4 Ka3 43. Kc5 Kb2 44. c4 Kc3 45. Kxc6 Kd3 46. Kd6
Kxe4 47. c5 h5 48. Be6 Ba6 49. c6 f5 50. c7 h4 51. Kc6 1-0

[Event "4NCL/Div4/MET vs. MONM"]
[Site "West Bromwich ENG"]
[Date "2005.12.04"]
[Round "4.4"]
[White "Waterfield, John"]
[Black "Dickson, George"]
[Result "1/2-1/2"]
[WhiteElo "2035"]
[BlackElo "2090"]
[PlyCount "83"]
[EventDate "2005.12.04"]
[SourceDate "2005.10.25"]

1. e4 e5 2. f4 d5 3. exd5 e4 4. d3 Nf6 5. dxe4 Nxe4 6. Nf3 c6 7. Bd3 Qa5+ 8.
Nbd2 cxd5 9. Qe2 Nc6 10. O-O Bc5+ 11. Kh1 f5 12. c4 Nb4 13. cxd5 Nxd3 14. Nxe4
O-O 15. Qxd3 fxe4 16. Qxe4 Bf5 17. Qe2 Rad8 18. Qc4 Qb4 19. Qxb4 Bxb4 20. Be3
Rxd5 21. a3 Bc5 22. Bxc5 Rxc5 23. Rad1 Rc2 24. Rd2 Rxd2 25. Nxd2 Bd3 26. Rf2
Rc8 27. g4 Rc2 28. b3 b5 29. Kg2 Ra2 30. Kf3 Rxa3 31. Ke3 Bc2 32. Kd4 Bxb3 33.
Nxb3 Rxb3 34. Ra2 Rb4+ 35. Ke5 Ra4 36. Rd2 h6 37. g5 hxg5 38. fxg5 Kh7 39. Kf5
Ra1 40. h4 Rf1+ 41. Kg4 Rg1+ 42. Kf5 1/2-1/2

[Event "4NCL/Div4/MET vs. MONM"]
[Site "West Bromwich ENG"]
[Date "2005.12.04"]
[Round "4.5"]
[White "Syed, Nayeem"]
[Black "Roberts, Dave"]
[Result "1-0"]
[WhiteElo "1965"]
[BlackElo "1863"]
[PlyCount "57"]
[EventDate "2005.12.04"]
[SourceDate "2005.10.25"]

1. d4 Nf6 2. Bg5 g6 3. Nc3 d5 4. e3 Bg7 5. Be2 O-O 6. Bf3 c6 7. Nge2 Nbd7 8. e4
dxe4 9. Nxe4 Nxe4 10. Bxe4 Nf6 11. Bf3 Be6 12. O-O Bd5 13. Bxd5 cxd5 14. Qc1
Qc7 15. c3 b5 16. Nf4 e6 17. Nd3 Ne4 18. Bh6 a5 19. Bxg7 Kxg7 20. f3 Nd6 21.
Re1 Rfc8 22. a3 Qe7 23. Qd1 Rab8 24. Qe2 Qf6 25. Ne5 Rc7 26. Ng4 Qg5 27. h4 Qf5
28. Qd2 Ne4 29. Qh6+ 1-0

[Event "4NCL/Div4/MET vs. MONM"]
[Site "West Bromwich ENG"]
[Date "2005.12.04"]
[Round "4.6"]
[White "Dodington, Russell"]
[Black "Cooke, Charlie"]
[Result "1-0"]
[WhiteElo "1699"]
[BlackElo "1880"]
[PlyCount "89"]
[EventDate "2005.12.04"]
[SourceDate "2005.10.25"]

1. e4 e5 2. Bc4 Nf6 3. d3 Nc6 4. Nf3 Be7 5. Nc3 d6 6. h3 Na5 7. Bb3 Nxb3 8.
axb3 O-O 9. O-O c6 10. Be3 b6 11. Ne2 Qc7 12. Ng3 Re8 13. Nh2 Be6 14. f4 exf4
15. Bxf4 Qd7 16. Bg5 h6 17. Bxf6 Bxf6 18. Rxf6 gxf6 19. Nh5 Kf8 20. Nxf6 Qe7
21. Nxe8 Kxe8 22. Qh5 Qg5 23. Qxg5 hxg5 24. Nf3 f6 25. Nd4 Bd7 26. b4 Ke7 27.
Kf2 a6 28. Kg3 c5 29. bxc5 bxc5 30. Ne2 a5 31. Nc3 Ke6 32. Nd5 Rb8 33. b3 Bc6
34. Ne3 a4 35. bxa4 Ra8 36. a5 d5 37. exd5+ Bxd5 38. Nxd5 Kxd5 39. Kg4 Ra6 40.
Ra4 Ke5 41. g3 Ke6 42. c3 Kd5 43. Kf5 c4 44. Rxc4 Rxa5 45. Kxf6 1-0

[Event "4NCL/Div4/SLOS4 vs. GUI5"]
[Site "West Bromwich ENG"]
[Date "2005.12.04"]
[Round "4.1"]
[White "Cox, Tristan"]
[Black "Smart, Michael R"]
[Result "1-0"]
[WhiteElo "2095"]
[BlackElo "2070"]
[PlyCount "65"]
[EventDate "2005.12.04"]
[SourceDate "2005.10.25"]

1. Nf3 c5 2. c4 g6 3. e4 Bg7 4. d4 cxd4 5. Nxd4 Qb6 6. Nb3 d6 7. Be2 Nf6 8. Nc3
Nc6 9. Bg5 Be6 10. O-O O-O 11. c5 dxc5 12. Na4 Bxb3 13. axb3 Qb4 14. Bd2 Qd4
15. Bc3 Qxd1 16. Rfxd1 b6 17. e5 Ne4 18. Bf3 Nxc3 19. Nxc3 Rac8 20. Bxc6 Rxc6
21. Nd5 Re6 22. Rxa7 Bxe5 23. Nxe7+ Kg7 24. g3 Bxb2 25. Rdd7 Bd4 26. Kf1 b5 27.
b4 Re8 28. h4 cxb4 29. Nf5+ gxf5 30. Rxd4 Re4 31. Rd5 R8e5 32. Rdd7 Re7 33.
Rxe7 1-0

[Event "4NCL/Div4/SLOS4 vs. GUI5"]
[Site "West Bromwich ENG"]
[Date "2005.12.04"]
[Round "4.3"]
[White "Makepeace, Philip J"]
[Black "Dekker, Alain"]
[Result "1/2-1/2"]
[WhiteElo "2050"]
[BlackElo "2070"]
[PlyCount "53"]
[EventDate "2005.12.04"]
[SourceDate "2005.10.25"]

1. e4 c5 2. Nf3 d6 3. d4 cxd4 4. Nxd4 Nf6 5. Nc3 a6 6. Be2 e5 7. Nb3 Be6 8. Bg5
Be7 9. Bxf6 Bxf6 10. Nd5 Bxd5 11. Qxd5 Qc7 12. O-O-O Be7 13. h4 O-O 14. Rh3 Nc6
15. a3 Kh8 16. g4 Nd8 17. f4 Ne6 18. Rc3 Qb8 19. Rf1 Nxf4 20. Rxf4 exf4 21. g5
Qa7 22. Nd4 b5 23. Kb1 Rae8 24. Rf3 Qc5 25. Rxf4 Qxd5 26. exd5 Bd8 27. Bg4
1/2-1/2

[Event "4NCL/Div4/SLOS4 vs. GUI5"]
[Site "West Bromwich ENG"]
[Date "2005.12.04"]
[Round "4.4"]
[White "Bryant, Richard"]
[Black "Edgell, Ben P"]
[Result "1/2-1/2"]
[WhiteElo "2060"]
[BlackElo "2095"]
[PlyCount "100"]
[EventDate "2005.12.04"]
[SourceDate "2005.10.25"]

1. e4 e5 2. Nf3 Nc6 3. d4 exd4 4. Nxd4 Nf6 5. Nxc6 bxc6 6. e5 Qe7 7. Qe2 Nd5 8.
c4 Nb6 9. Nc3 a5 10. Qe4 Ba6 11. b3 a4 12. Be2 g6 13. O-O Bg7 14. f4 O-O 15.
Kh1 f6 16. exf6 Qxf6 17. Bd2 Rae8 18. Qc2 d5 19. Bf3 Rd8 20. Rac1 axb3 21. axb3
dxc4 22. b4 Bb5 23. Rfd1 Nd5 24. Ne4 Qb2 25. g3 Qxc2 26. Rxc2 Ba4 27. Rxc4 Bxd1
28. Bxd1 Nf6 29. Bb3 Nxe4 30. Rxe4+ Kh8 31. Bc1 Rd4 32. Re3 Rd7 33. Kg2 Bf6 34.
Ba4 Rd6 35. h3 Ra8 36. Bb3 h6 37. g4 Rad8 38. Bc4 Kg7 39. Kf3 Rd4 40. Be2 Rxb4
41. Ba3 Rbd4 42. h4 Rb8 43. g5 Bd8 44. Rc3 Rd7 45. Bc1 hxg5 46. hxg5 Be7 47.
Rc2 Rb3+ 48. Kg4 Rd4 49. Rxc6 Bd6 50. Rc2 Bxf4 1/2-1/2

[Event "4NCL/Div4/SLOS4 vs. GUI5"]
[Site "West Bromwich ENG"]
[Date "2005.12.04"]
[Round "4.5"]
[White "Winchcombe, Andrew"]
[Black "Shaw, Matthew"]
[Result "1-0"]
[WhiteElo "1870"]
[BlackElo "1815"]
[PlyCount "71"]
[EventDate "2005.12.04"]
[SourceDate "2005.10.25"]

1. c4 Nf6 2. Nc3 g6 3. g3 Bg7 4. Bg2 O-O 5. e4 d6 6. Nge2 Nc6 7. O-O Ng4 8. d3
f5 9. h3 Nf6 10. Rb1 e5 11. f4 fxe4 12. Nxe4 Nxe4 13. dxe4 Be6 14. b3 a5 15. a4
Qd7 16. Kh2 Rad8 17. Bb2 b6 18. Ba1 h5 19. Bc3 Qe7 20. Qc2 Nd4 21. Bxd4 exd4
22. f5 Bf7 23. Nf4 gxf5 24. exf5 Be5 25. Ne6 Bxe6 26. fxe6 Qg5 27. Qd3 h4 28.
Kh1 Bxg3 29. Qxd4 Be5 30. Qg4 Qxg4 31. hxg4 Rxf1+ 32. Rxf1 Kg7 33. Rf7+ Kg6 34.
Be4+ Kg5 35. e7 Re8 36. Bc6 1-0

[Event "4NCL/Div4/SLOS4 vs. GUI5"]
[Site "West Bromwich ENG"]
[Date "2005.12.04"]
[Round "4.6"]
[White "Mills, Nigel"]
[Black "Hider, A Joe"]
[Result "0-1"]
[WhiteElo "1705"]
[BlackElo "1815"]
[PlyCount "68"]
[EventDate "2005.12.04"]
[SourceDate "2005.10.25"]

1. e4 e5 2. Nf3 Nc6 3. d4 exd4 4. Nxd4 Nf6 5. Nxc6 bxc6 6. e5 Nd5 7. c4 Nb6 8.
Nc3 Bb4 9. Qb3 Bxc3+ 10. Qxc3 O-O 11. b3 d6 12. Qg3 dxe5 13. Bh6 Qf6 14. Bg5
Qg6 15. Bd3 Bf5 16. Bxf5 Qxf5 17. O-O Rfe8 18. Rad1 Nd7 19. Bh6 g6 20. Qc3 Nf6
21. Qa5 Re7 22. f4 Ng4 23. Bg5 f6 24. Qc5 Rae8 25. Bh4 Qc2 26. Rfe1 exf4 27.
Qd4 g5 28. Rxe7 Rxe7 29. Be1 Ne3 30. Rd2 Qc1 31. Qd8+ Kf7 32. Re2 Nf5 33. h3
Rxe2 34. Qxc7+ Re7 0-1

[Event "4NCL/Div4/OXF2 vs. BCA"]
[Site "West Bromwich ENG"]
[Date "2005.12.04"]
[Round "4.1"]
[White "Rawlinson, Aidan"]
[Black "Mordue, A Tyson"]
[Result "1/2-1/2"]
[WhiteElo "2160"]
[BlackElo "2225"]
[PlyCount "102"]
[EventDate "2005.12.04"]
[SourceDate "2005.10.25"]

1. e4 c5 2. Nf3 e6 3. d4 cxd4 4. Nxd4 Nf6 5. Nc3 d6 6. Be3 Be7 7. f3 a6 8. g4
O-O 9. Qd2 Nc6 10. O-O-O Nxd4 11. Bxd4 b5 12. h4 Nd7 13. g5 Nb6 14. Bd3 b4 15.
Ne2 a5 16. Rdg1 e5 17. Be3 Be6 18. h5 Ra7 19. g6 fxg6 20. hxg6 h6 21. Bxh6 gxh6
22. Qxh6 Bf6 23. g7 Rxg7 24. Rxg7+ Bxg7 25. Qxe6+ Rf7 26. Rg1 Qe7 27. Qg4 Kf8
28. f4 Qf6 29. f5 Bh6+ 30. Kb1 Rg7 31. Qh5 Rxg1+ 32. Nxg1 Qg5 33. Qxg5 Bxg5 34.
Ne2 Ke7 35. c3 d5 36. cxb4 axb4 37. a3 dxe4 38. Bxe4 bxa3 39. bxa3 Nc4 40. Ka2
Nd6 41. Nc3 Bd2 42. Nd5+ Kf7 43. Bc2 e4 44. Kb3 Nxf5 45. Bxe4 Nd6 46. Bd3 Ke6
47. Nb4 Kd7 48. a4 Kc7 49. a5 Bxb4 50. Kxb4 Kb7 51. Kc5 Nc8 1/2-1/2

[Event "4NCL/Div4/OXF2 vs. BCA"]
[Site "West Bromwich ENG"]
[Date "2005.12.04"]
[Round "4.2"]
[White "Ross, Chris"]
[Black "Terry, Sean"]
[Result "1/2-1/2"]
[WhiteElo "2165"]
[BlackElo "2000"]
[PlyCount "117"]
[EventDate "2005.12.04"]
[SourceDate "2005.10.25"]

1. e4 c5 2. Nf3 e6 3. d3 Nc6 4. g3 g6 5. Bg2 Bg7 6. O-O Nge7 7. c3 d5 8. Qe2
O-O 9. e5 Bd7 10. h4 Nf5 11. h5 h6 12. Na3 g5 13. Nc2 Qc7 14. Re1 Rac8 15. Bh3
Rfe8 16. Bd2 a6 17. Rac1 b5 18. a3 Na5 19. Na1 Ne7 20. b4 Nb7 21. d4 cxb4 22.
cxb4 Qd8 23. Nb3 Rxc1 24. Rxc1 Nc6 25. Qe1 f5 26. exf6 Qxf6 27. Bg2 g4 28. Nh2
Qf5 29. Qe2 Qxh5 30. Nxg4 Kh8 31. Bf3 Qg6 32. Kg2 e5 33. Nxe5 Nxe5 34. dxe5
Rxe5 35. Qd1 Bf5 36. Bc3 Re7 37. Bxg7+ Kxg7 38. Qxd5 Be6 39. Qd4+ Kf7 40. Qf4+
Qf6 41. Qxf6+ Kxf6 42. Nc5 Nd6 43. Ne4+ Nxe4 44. Bxe4 Bc4 45. Re1 Rd7 46. Re3
Rd6 47. Bb7 Rb6 48. Bf3 Rd6 49. Bb7 Rb6 50. Bf3 Rd6 51. Be2 Bd5+ 52. f3 Bb7 53.
Bd3 Rd4 54. Kf2 h5 55. Be4 Bxe4 56. Rxe4 Rd3 57. Re3 Rd2+ 58. Re2 Rd3 59. Re3
1/2-1/2

[Event "4NCL/Div4/OXF2 vs. BCA"]
[Site "West Bromwich ENG"]
[Date "2005.12.04"]
[Round "4.3"]
[White "Morris, Graham"]
[Black "Hilton, Steve"]
[Result "1-0"]
[WhiteElo "2025"]
[BlackElo "2045"]
[PlyCount "97"]
[EventDate "2005.12.04"]
[SourceDate "2005.10.25"]

1. e4 c5 2. Nf3 d6 3. d4 cxd4 4. Nxd4 Nf6 5. Nc3 a6 6. Be3 e5 7. Nb3 Be6 8. f3
Be7 9. Qd2 Nbd7 10. O-O-O Qc7 11. g4 h6 12. h4 Nc5 13. Kb1 Rc8 14. Rg1 Nfd7 15.
g5 h5 16. g6 f6 17. Nxc5 Nxc5 18. Nd5 Qc6 19. Be2 b5 20. Rg2 Na4 21. c3 Nc5 22.
Qc2 a5 23. f4 Qb7 24. f5 Bxd5 25. Rxd5 b4 26. Bxc5 Rxc5 27. Rxc5 dxc5 28. Bf3
Qb5 29. c4 Qc6 30. Rd2 Bd6 31. Qd3 Ke7 32. Qe2 a4 33. Rd5 Rb8 34. Qd1 Qa6 35.
Qd3 Rd8 36. Be2 Qa5 37. Qd2 Qb6 38. Bf1 b3 39. a3 Qa6 40. Be2 Rh8 41. Kc1 Rd8
42. Kd1 Rh8 43. Qd3 Rh6 44. Ke1 Rh8 45. Kf1 Rd8 46. Qf3 Rh8 47. Rd1 Rh6 48. Qd3
Rh8 49. Qd5 1-0

[Event "4NCL/Div4/OXF2 vs. BCA"]
[Site "West Bromwich ENG"]
[Date "2005.12.04"]
[Round "4.4"]
[White "Armstrong, William G"]
[Black "Bruce, Dave"]
[Result "0-1"]
[WhiteElo "1985"]
[BlackElo "2015"]
[PlyCount "80"]
[EventDate "2005.12.04"]
[SourceDate "2005.10.25"]

1. d4 Nf6 2. Nc3 d5 3. Bg5 Nbd7 4. Nf3 h6 5. Bh4 c6 6. a3 g6 7. Ne5 Bg7 8. e3
O-O 9. Be2 c5 10. O-O e6 11. Bg3 a6 12. Kh1 Nxe5 13. Bxe5 Nd7 14. Bxg7 Kxg7 15.
dxc5 Qc7 16. b4 Ne5 17. Na4 Bd7 18. Nb6 Rad8 19. f4 Nc6 20. Qe1 Ne7 21. Rd1 Bc6
22. Kg1 h5 23. a4 f6 24. Qc3 Nf5 25. b5 axb5 26. axb5 Be8 27. Rf3 Nd6 28. Na4
Ne4 29. Qb4 Rc8 30. c6 bxc6 31. b6 Qb7 32. Nc5 Qe7 33. Ra1 Qxc5 34. Ra7+ Bf7
35. Qb2 Rb8 36. Ra6 Rb7 37. Bd3 Rfb8 38. f5 exf5 39. Qd4 Qxd4 40. exd4 Rxb6 0-1

[Event "4NCL/Div4/OXF2 vs. BCA"]
[Site "West Bromwich ENG"]
[Date "2005.12.04"]
[Round "4.5"]
[White "Stembridge, Ed"]
[Black "Burnell, Steve"]
[Result "1/2-1/2"]
[WhiteElo "1960"]
[BlackElo "1960"]
[PlyCount "119"]
[EventDate "2005.12.04"]
[SourceDate "2005.10.25"]

1. e4 c6 2. d4 d5 3. exd5 cxd5 4. c4 Nf6 5. Nc3 e6 6. Nf3 Be7 7. Bf4 O-O 8. Bd3
Nc6 9. a3 dxc4 10. Bxc4 a6 11. O-O b5 12. Ba2 h6 13. Qd3 Bd6 14. Bxd6 Qxd6 15.
b4 Bb7 16. Rad1 Rad8 17. Rfe1 Ne7 18. Ne5 Ned5 19. Nxd5 Bxd5 20. Bb1 Rfe8 21.
Re3 Rc8 22. Rde1 Bc4 23. Qd2 Red8 24. Rg3 Kf8 25. Rd1 Rc7 26. h4 Qd5 27. Qf4
Qd6 28. Qe3 Nd5 29. Qf3 Nf6 30. Qe3 Nd5 31. Qd2 Nf6 32. Rc3 Bd5 33. Rxc7 Qxc7
34. Rc1 Qb7 35. f3 Rc8 36. Kf2 Rxc1 37. Qxc1 Nd7 38. Nd3 Bc4 39. Nb2 Bd5 40.
Nd3 Bc4 41. Nc5 Qa7 42. Qf4 Ke7 43. Qg4 Kf8 44. Qf4 Ke7 45. Qe3 Bd5 46. Be4 Nf6
47. Qc3 Qa8 48. Bc2 Bc4 49. Be4 Bd5 50. Qe3 Qa7 51. Bd3 Qb6 52. Qe2 Bc6 53. Qc2
Nd5 54. Nb3 Bb7 55. Qc5+ Ke8 56. Be4 Qd8 57. g3 g5 58. hxg5 Qxg5 59. Qc1 Qf6
60. f4 1/2-1/2

[Event "4NCL/Div4/OXF2 vs. BCA"]
[Site "West Bromwich ENG"]
[Date "2005.12.04"]
[Round "4.6"]
[White "Irving, Alastair"]
[Black "Hadi, Justin"]
[Result "0-1"]
[WhiteElo "1545"]
[BlackElo "1895"]
[PlyCount "104"]
[EventDate "2005.12.04"]
[SourceDate "2005.10.25"]

1. e4 c5 2. Nf3 Nc6 3. d4 cxd4 4. Nxd4 Nf6 5. Nc3 e5 6. Ndb5 d6 7. Bg5 a6 8.
Na3 b5 9. Bxf6 gxf6 10. Nd5 f5 11. Bd3 Be6 12. O-O Bxd5 13. exd5 Ne7 14. c3 Bg7
15. Qh5 e4 16. Bc2 b4 17. Ba4+ Kf8 18. Nc4 bxc3 19. bxc3 Bxc3 20. Rab1 Rb8 21.
Qh6+ Bg7 22. Qxd6 Qxd6 23. Nxd6 Bb2 24. Rfd1 Kg7 25. Nc4 Bf6 26. Rxb8 Rxb8 27.
Bb3 Ra8 28. Ne3 Be5 29. h3 Kf6 30. a4 Nc8 31. Rc1 Ne7 32. Rc5 Rb8 33. Bc2 Bd6
34. Ra5 Ra8 35. Nc4 Bb4 36. d6 Bxa5 37. dxe7 Bb4 38. Nb6 Re8 39. Nd5+ Ke5 40.
Nxb4 Kd6 41. Nxa6 Rxe7 42. Kf1 Rb7 43. a5 Rb5 44. g4 Rxa5 45. Nb4 Kc5 46. gxf5
Kxb4 47. Bxe4 h5 48. h4 Kc4 49. Kg2 Kd4 50. f3 f6 51. Kg3 Ke3 52. Bc6 Rxf5 0-1

[Event "4NCL/Div4/3CS2 vs. SXM"]
[Site "West Bromwich ENG"]
[Date "2005.12.04"]
[Round "4.1"]
[White "Bentley, John L"]
[Black "Prescott, Adam P"]
[Result "1-0"]
[WhiteElo "2220"]
[BlackElo "2060"]
[PlyCount "89"]
[EventDate "2005.12.04"]
[SourceDate "2005.10.25"]

1. d4 g6 2. c4 Bg7 3. e4 d6 4. Nc3 Nf6 5. f3 e5 6. d5 a5 7. Be3 Na6 8. Bd3 O-O
9. Nge2 Nc5 10. Bc2 Ne8 11. Qd2 f5 12. O-O-O f4 13. Bf2 b6 14. Nb5 Bd7 15. Nec3
Nf6 16. b3 h5 17. Kb2 g5 18. h3 h4 19. a3 Na6 20. Bd3 Qe7 21. Rc1 Rfc8 22. Rc2
Ne8 23. Rb1 Nc5 24. b4 axb4 25. axb4 Na4+ 26. Kc1 Bf8 27. Ne2 c5 28. dxc6 Bxc6
29. Kd1 Nc7 30. Nxc7 Qxc7 31. Ra2 Qd7 32. Ke1 Kg7 33. Bc2 b5 34. cxb5 Bxb5 35.
Bb3 Bxe2 36. Bxa4 Rxa4 37. Qxe2 Qc6 38. Rab2 d5 39. exd5 Qxd5 40. Qe4 Qxe4+ 41.
fxe4 Rc4 42. b5 Rxe4+ 43. Kf1 Rec4 44. b6 Ba3 45. Rd2 1-0